[Event "Swiss Queens Wed #35"]
[Site "FIDE Online Arena INT"]
[Date "2024.09.25"]
[Round "1"]
[White "Buksa, Nataliya"]
[Black "Shanmathi Sree, S."]
[Result "1-0"]
[WhiteElo "2387"]
[BlackElo "1782"]
[PlyCount "139"]
[EventDate "2024.09.25"]
[EventType "swiss (blitz)"]
[EventRounds "11"]
[EventCountry "NET"]
[SourceTitle "EXT 2025"]
[Source "ChessBase"]
[SourceDate "2024.10.14"]
[SourceVersion "1"]
[SourceVersionDate "2024.10.14"]
[SourceQuality "1"]

1. d4 Nf6 2. Nc3 g6 3. e4 d6 4. Bg5 Bg7 5. h4 h5 6. Qd2 e5 7. dxe5 dxe5 8. Qxd8+ Kxd8 9. 0-0-0+ Ke7 10. Nd5+ Ke6 11. Nxc7+ Ke7 12. Nxa8 Na6 13. Bxa6 bxa6 14. Nc7 Bg4 15. f3 Be6 16. Nxe6 Kxe6 17. Ne2 Rc8 18. Nc3 Nd7 19. Rd2 f6 20. Be3 Bf8 21. Rhd1 Rc7 22. a3 f5 23. Nd5 Rb7 24. Bg1 Nc5 25. Bxc5 Bxc5 26. Kb1 Bxa3 27. c4 Bc5 28. Nc3 Bd4 29. Kc2 fxe4 30. fxe4 a5 31. Ra1 Bb6 32. Nb5 Bc5 33. Rxa5 Bb4 34. Ra6+ Kf7 35. Rf2+ Kg7 36. Rff6 Rd7 37. Rxg6+ Kf8 38. Rxa7 Rd2+ 39. Kb3 Bc5 40. Rc6 Bxa7 41. Nxa7 Rd3+ 42. Kb4 Rd2 43. Rg6 Rxb2+ 44. Kc5 Kf7 45. Rg5 Kf6 46. Nb5 Re2 47. Nd6 Re1 48. Kc6 Rh1 49. c5 Rxh4 50. Rg8 Rh2 51. Kd7 Rh1 52. c6 Rc1 53. c7 h4 54. c8Q Rxc8 55. Rxc8 Kg5 56. Rh8 Kf4 57. Rxh4+ Kg3 58. Rh5 Kxg2 59. Rxe5 Kf3 60. Ke6 Kf4 61. Kd5 Ke3 62. Rf5 Kd3 63. e5 Kc3 64. e6 Kd3 65. e7 Kc3 66. e8Q Kd3 67. Qe4+ Kc3 68. Rf3+ Kd2 69. Nc4+ Kc1 70. Rf1# 1-0

[Event "Swiss Queens Wed #35"]
[Site "FIDE Online Arena INT"]
[Date "2024.09.25"]
[Round "2"]
[White "Priyanka, Nutakki"]
[Black "Shanmathi Sree, S."]
[Result "1-0"]
[WhiteElo "2292"]
[BlackElo "1782"]
[PlyCount "55"]
[EventDate "2024.09.25"]
[EventType "swiss (blitz)"]
[EventRounds "11"]
[EventCountry "NET"]
[SourceTitle "EXT 2025"]
[Source "ChessBase"]
[SourceDate "2024.10.14"]
[SourceVersion "1"]
[SourceVersionDate "2024.10.14"]
[SourceQuality "1"]

1. b3 d5 2. Bb2 c5 3. Nf3 Nc6 4. e3 Nf6 5. Bb5 e6 6. Ne5 Bd7 7. Bxc6 Bxc6 8. 0-0 Bd6 9. f4 0-0 10. d3 Rc8 11. Nd2 Nd7 12. Qg4 Bxe5 13. fxe5 h6 14. h4 b5 15. Rf3 d4 16. Rg3 g6 17. exd4 cxd4 18. Bxd4 Kh7 19. Rf1 b4 20. Rxf7+ Rxf7 21. Qxg6+ Kh8 22. Qxf7 Qf8 23. Qxe6 Re8 24. Qxc6 Nb8 25. Qg6 Rd8 26. Bb2 Qc5+ 27. Kh1 Qe7 28. e6+ 1-0

[Event "Swiss Queens Wed #35"]
[Site "FIDE Online Arena INT"]
[Date "2024.09.25"]
[Round "7"]
[White "Shanmathi Sree, S."]
[Black "Yushko, Olga"]
[Result "0-1"]
[WhiteElo "1782"]
[BlackElo "2034"]
[PlyCount "120"]
[EventDate "2024.09.25"]
[EventType "swiss (blitz)"]
[EventRounds "11"]
[EventCountry "NET"]
[SourceTitle "EXT 2025"]
[Source "ChessBase"]
[SourceDate "2024.10.14"]
[SourceVersion "1"]
[SourceVersionDate "2024.10.14"]
[SourceQuality "1"]

1. e4 Nf6 2. e5 Nd5 3. c4 Nb6 4. d4 d6 5. exd6 exd6 6. Nc3 Be7 7. Nf3 0-0 8. Bd3 Bg4 9. 0-0 d5 10. c5 Nc8 11. h3 Bh5 12. Be2 Nc6 13. Be3 Bf6 14. a3 Bg6 15. b4 N8e7 16. Nh2 Nf5 17. Nf3 a6 18. Qd2 Re8 19. Rad1 Qd7 20. Rfe1 Rad8 21. Bg5 Bxg5 22. Qxg5 h6 23. Qf4 Bh7 24. Bd3 g5 25. Qc1 Rxe1+ 26. Rxe1 Ncxd4 27. Ne5 Qe6 28. g4 Nh4 29. Bxh7+ Kxh7 30. Qd1 Re8 31. Qxd4 Qxe5 32. Qd3+ Kg7 33. Rxe5 Rxe5 34. Kh2 c6 35. Kg3 Ng6 36. Qd4 f6 37. Nd1 Nf4 38. Ne3 Ne2+ 39. Kg2 Nxd4 40. h4 gxh4 41. Kh3 Nb5 42. Kxh4 Nxa3 43. Nf5+ Rxf5 44. gxf5 Nc2 45. Kh5 Nxb4 46. Kg4 a5 47. Kf3 a4 48. Ke2 a3 49. Kd1 a2 50. Kd2 a1Q 51. Ke3 d4+ 52. Kf3 Qd1+ 53. Kg3 Qd3+ 54. Kh4 Qe4+ 55. Kh5 Qxf5+ 56. Kh4 d3 57. f3 d2 58. f4 d1Q 59. Kg3 Qfg4+ 60. Kf2 Qgf3# 0-1

[Event "Swiss Queens Wed #35"]
[Site "FIDE Online Arena INT"]
[Date "2024.09.25"]
[Round "10"]
[White "Vonti, Sri Guruvarshini"]
[Black "Shanmathi Sree, S."]
[Result "0-1"]
[WhiteElo "1443"]
[BlackElo "1782"]
[PlyCount "78"]
[EventDate "2024.09.25"]
[EventType "swiss (blitz)"]
[EventRounds "11"]
[EventCountry "NET"]
[SourceTitle "EXT 2025"]
[Source "ChessBase"]
[SourceDate "2024.10.14"]
[SourceVersion "1"]
[SourceVersionDate "2024.10.14"]
[SourceQuality "1"]

1. d4 Nf6 2. Nf3 g6 3. c4 Bg7 4. Nc3 d6 5. Bf4 0-0 6. e3 Nbd7 7. Bd3 Nh5 8. Bg3 e5 9. 0-0 f5 10. dxe5 dxe5 11. Bh4 Qe8 12. Be2 e4 13. Nd4 Nhf6 14. Ndb5 Qe5 15. Bg3 Qc5 16. Nxc7 Ne5 17. Nxa8 Be6 18. Bxe5 Qxe5 19. Qd4 Qxd4 20. exd4 Rxa8 21. d5 Bd7 22. Rac1 Rc8 23. Nb5 Bh6 24. Rc2 Bxb5 25. Bd1 Rxc4 26. Rxc4 Bxc4 27. Re1 Bd2 28. d6 Bxe1 29. Ba4 b5 30. b3 bxa4 31. bxc4 Bb4 32. c5 Bxc5 33. d7 Nxd7 34. Kf1 Kf7 35. Ke2 Ke6 36. f3 Kd5 37. fxe4+ Kxe4 38. g3 Ne5 39. h3 Bd4 0-1

[Event "Swiss Queens Wed #33"]
[Site "FIDE Online Arena INT"]
[Date "2024.09.11"]
[Round "1"]
[White "Girya, Olga"]
[Black "Shanmathi Sree, S."]
[Result "1-0"]
[WhiteElo "2398"]
[BlackElo "1782"]
[PlyCount "95"]
[EventDate "2024.09.11"]
[EventType "swiss (blitz)"]
[EventRounds "11"]
[EventCountry "NET"]
[SourceTitle "EXT 2025"]
[Source "ChessBase"]
[SourceDate "2024.10.14"]
[SourceVersion "1"]
[SourceVersionDate "2024.10.14"]
[SourceQuality "1"]

1. d4 Nf6 2. Nf3 g6 3. Bg5 Bg7 4. Nbd2 0-0 5. c3 d6 6. e4 Nbd7 7. Bc4 e5 8. 0-0 h6 9. Bh4 g5 10. Bg3 Re8 11. Re1 Qe7 12. a4 c6 13. a5 Nh5 14. Nxe5 Nxe5 15. dxe5 Nxg3 16. exd6 Qxd6 17. hxg3 Be6 18. Bxe6 Qxe6 19. Qb3 Qe7 20. Nc4 Rad8 21. e5 Qc5 22. Nd6 Rf8 23. Nxb7 Qe7 24. Nxd8 Rxd8 25. e6 f5 26. a6 f4 27. Qb7 Qc5 28. e7 Re8 29. gxf4 gxf4 30. Qd7 Qh5 31. Rad1 f3 32. Qxe8+ Qxe8 33. Rd8 Kf7 34. Rxe8 Kxe8 35. gxf3 Bf6 36. Re6 Bxe7 37. Rxc6 Bg5 38. Rc7 Kd8 39. Rxa7 Kc8 40. Rh7 Kb8 41. c4 Ka8 42. b4 Bf4 43. b5 h5 44. b6 h4 45. Rh8+ Bb8 46. a7 Kb7 47. axb8Q+ Ka6 48. Qa7# 1-0

[Event "Swiss Queens Wed #33"]
[Site "FIDE Online Arena INT"]
[Date "2024.09.11"]
[Round "8"]
[White "Marochkina, Yaroslava"]
[Black "Shanmathi Sree, S."]
[Result "1-0"]
[WhiteElo "1872"]
[BlackElo "1782"]
[PlyCount "173"]
[EventDate "2024.09.11"]
[EventType "swiss (blitz)"]
[EventRounds "11"]
[EventCountry "NET"]
[SourceTitle "EXT 2025"]
[Source "ChessBase"]
[SourceDate "2024.10.14"]
[SourceVersion "1"]
[SourceVersionDate "2024.10.14"]
[SourceQuality "1"]

1. e4 c5 2. Nf3 d6 3. d4 cxd4 4. Nxd4 Nf6 5. Nc3 a6 6. Bd3 e5 7. Nde2 Be7 8. 0-0 Be6 9. Ng3 0-0 10. Nd5 Bxd5 11. exd5 Nbd7 12. c4 Nc5 13. b4 Nxd3 14. Qxd3 Nd7 15. Nf5 Rc8 16. Be3 Re8 17. Rac1 Bf8 18. f3 Qf6 19. Ng3 g6 20. Ne4 Qg7 21. c5 dxc5 22. Nxc5 Nxc5 23. bxc5 f5 24. d6 Red8 25. Qd5+ Kh8 26. f4 b6 27. fxe5 bxc5 28. Rxc5 Qa7 29. Kh1 Qb8 30. Rxc8 Qxc8 31. Bd4 Bg7 32. e6 Qc2 33. Bxg7+ Kxg7 34. e7 Qe2 35. Rg1 Rd7 36. Qc6 Qe6 37. Qc3+ Kf7 38. Re1 Rxd6 39. Rxe6 Rxe6 40. h3 Rxe7 41. Qc4+ Re6 42. a4 Kf6 43. a5 Re1+ 44. Kh2 Re6 45. Qd4+ Ke7 46. Qa7+ Kf6 47. Qxh7 Ke5 48. Qc7+ Kd5 49. g4 fxg4 50. hxg4 Rc6 51. Qb7 Kc5 52. Kg3 Rd6 53. Qc7+ Rc6 54. Qe7+ Kb5 55. Qd7 Kc5 56. Kf4 Rd6 57. Qc7+ Rc6 58. Qa7+ Kb5 59. Qd7 Kc5 60. Kg5 Rd6 61. Qxd6+ Kxd6 62. Kxg6 Kc5 63. Kh7 Kb5 64. g5 Kxa5 65. g6 Ka4 66. g7 Ka3 67. g8Q a5 68. Qg1 a4 69. Qa1+ Kb3 70. Kg6 a3 71. Kf5 a2 72. Ke4 Ka3 73. Kd3 Kb3 74. Kd2 Ka3 75. Kc3 Ka4 76. Qxa2+ Kb5 77. Qc4+ Kb6 78. Qh4 Kc5 79. Qh5+ Kd6 80. Kd4 Ke6 81. Ke4 Kf6 82. Qf5+ Kg7 83. Qf3 Kh8 84. Ke5 Kh7 85. Qg3 Kh8 86. Kf6 Kh7 87. Qg7# 1-0

[Event "Swiss Queens Wed #33"]
[Site "FIDE Online Arena INT"]
[Date "2024.09.11"]
[Round "2"]
[White "Pham, Le Thao Nguyen"]
[Black "Shanmathi Sree, S."]
[Result "1-0"]
[WhiteElo "2380"]
[BlackElo "1782"]
[PlyCount "75"]
[EventDate "2024.09.11"]
[EventType "swiss (blitz)"]
[EventRounds "11"]
[EventCountry "NET"]
[SourceTitle "EXT 2025"]
[Source "ChessBase"]
[SourceDate "2024.10.14"]
[SourceVersion "1"]
[SourceVersionDate "2024.10.14"]
[SourceQuality "1"]

1. d4 Nf6 2. Nf3 g6 3. Bf4 Bg7 4. e3 0-0 5. h3 d6 6. Be2 Nbd7 7. 0-0 c6 8. c4 Qb6 9. Qc2 Re8 10. Nc3 e5 11. Bh2 e4 12. Nd2 d5 13. Rac1 Qd8 14. cxd5 cxd5 15. Nb5 Nb6 16. Nc7 Bd7 17. Nxa8 Nxa8 18. Nb3 Bc6 19. Qd2 Nb6 20. Na5 Qd7 21. Nxc6 bxc6 22. Rc2 Rc8 23. Rfc1 Ne8 24. Ba6 Rd8 25. Qa5 Nc4 26. Bxc4 dxc4 27. Rxc4 Rc8 28. Qa4 Qb7 29. b3 Bf8 30. Rxc6 Rxc6 31. Qxc6 Qb4 32. Qxe8 Qd2 33. Qc8 Qxa2 34. Bd6 Kg7 35. Qxf8+ Kf6 36. Be5+ Ke6 37. Qc8+ Kd5 38. Qc4# 1-0

[Event "Swiss Queens Wed #33"]
[Site "FIDE Online Arena INT"]
[Date "2024.09.11"]
[Round "3"]
[White "Shanmathi Sree, S."]
[Black "Kusakina, Uliana"]
[Result "0-1"]
[WhiteElo "1782"]
[BlackElo "1755"]
[PlyCount "66"]
[EventDate "2024.09.11"]
[EventType "swiss (blitz)"]
[EventRounds "11"]
[EventCountry "NET"]
[SourceTitle "EXT 2025"]
[Source "ChessBase"]
[SourceDate "2024.10.14"]
[SourceVersion "1"]
[SourceVersionDate "2024.10.14"]
[SourceQuality "1"]

1. e4 Nc6 2. d4 e5 3. d5 Nce7 4. Nf3 Ng6 5. c4 Bc5 6. Nc3 Nf6 7. Bd3 d6 8. a3 a5 9. 0-0 0-0 10. h3 h6 11. Nh2 Nh7 12. Ne2 Qf6 13. Ng3 Nf4 14. Bxf4 exf4 15. Nh5 Qe5 16. Qf3 g5 17. h4 g4 18. Qxf4 Qxh5 19. Rfe1 Bd4 20. g3 Be5 21. Qe3 f5 22. exf5 Bxf5 23. Bxf5 Qxf5 24. Rab1 Rae8 25. Rf1 Bg7 26. Qd2 Nf6 27. b4 Ne4 28. Qa2 axb4 29. Rxb4 Nc3 30. Qb3 Ne2+ 31. Kg2 Nd4 32. Qc3 Qe4+ 33. Kg1 Ne2# 0-1

[Event "Swiss Queens Wed #33"]
[Site "FIDE Online Arena INT"]
[Date "2024.09.11"]
[Round "6"]
[White "Yashvi, Jain"]
[Black "Shanmathi Sree, S."]
[Result "0-1"]
[WhiteElo "1921"]
[BlackElo "1782"]
[PlyCount "92"]
[EventDate "2024.09.11"]
[EventType "swiss (blitz)"]
[EventRounds "11"]
[EventCountry "NET"]
[SourceTitle "EXT 2025"]
[Source "ChessBase"]
[SourceDate "2024.10.14"]
[SourceVersion "1"]
[SourceVersionDate "2024.10.14"]
[SourceQuality "1"]

1. d4 d5 2. Nf3 Nf6 3. Bf4 e6 4. e3 g6 5. Be2 Bg7 6. 0-0 0-0 7. c4 c6 8. Nc3 Nbd7 9. c5 Ne8 10. b4 f5 11. a4 Qe7 12. b5 e5 13. Bg5 Qe6 14. h3 h6 15. Bh4 g5 16. Bg3 f4 17. exf4 gxf4 18. Bh2 exd4 19. Na2 d3 20. Bxd3 Bxa1 21. Qxa1 Nxc5 22. Bc2 Qf6 23. Qc1 Ne4 24. bxc6 bxc6 25. Bd3 Bd7 26. Nb4 N8d6 27. Nc2 Rac8 28. Ncd4 c5 29. Ne2 c4 30. Bb1 Bxa4 31. Nxf4 Nf5 32. Nxd5 Qe6 33. Ne3 Nxe3 34. Qxe3 Nc5 35. Qc3 Bb5 36. Re1 Qf7 37. Bg3 Nd3 38. Re3 Rfe8 39. Qd2 Rxe3 40. Qxe3 Re8 41. Ne5 Nxe5 42. Bxe5 c3 43. Qg3+ Kf8 44. Bd6+ Re7 45. Bxe7+ Qxe7 46. Qxc3 Qd7 0-1

[Event "Swiss Queens Wed #30"]
[Site "FIDE Online Arena INT"]
[Date "2024.08.21"]
[Round "3"]
[White "Shanmathi Sree, S."]
[Black "Bashirli, Saadat"]
[Result "0-1"]
[WhiteElo "1750"]
[BlackElo "1894"]
[PlyCount "144"]
[EventDate "2024.08.21"]
[EventType "swiss (blitz)"]
[EventRounds "11"]
[EventCountry "NET"]
[SourceTitle "CBM 221 Extra"]
[Source "ChessBase"]
[SourceDate "2024.09.30"]
[SourceVersion "1"]
[SourceVersionDate "2024.09.30"]
[SourceQuality "1"]

1. e4 c5 2. Nf3 g6 3. d4 cxd4 4. Nxd4 Nc6 5. Nc3 Bg7 6. Be3 Nf6 7. f3 0-0 8. Qd2 d5 9. 0-0-0 dxe4 10. Qf2 Nxd4 11. Bxd4 Qa5 12. fxe4 Be6 13. a3 Rfc8 14. h3 Rxc3 15. Bxc3 Nxe4 16. Bxa5 Nxf2 17. Be2 Nxh1 18. Rxh1 b6 19. Bb4 Kf8 20. Rd1 a5 21. Be1 Be5 22. Bf2 Bc7 23. Bg4 Bxg4 24. hxg4 Rd8 25. Rxd8+ Bxd8 26. Kd2 Ke8 27. Kd3 Kd7 28. Kc4 Kc6 29. a4 e6 30. c3 f5 31. gxf5 exf5 32. b4 g5 33. b5+ Kd6 34. Kd4 Bf6+ 35. Kd3 Bd8 36. c4 h5 37. Bg3+ f4 38. Bf2 Ke5 39. Bd4+ Kf5 40. c5 bxc5 41. Bxc5 Bc7 42. b6 Bb8 43. b7 g4 44. Ke2 Ke4 45. Bb6 Kd5 46. Bxa5 Kc6 47. Bd2 Kxb7 48. Kd3 f3 49. gxf3 g3 50. Be3 h4 51. Ke2 h3 52. Kf1 Ka6 53. f4 Ka5 54. f5 Be5 55. Kg1 Kxa4 56. Bd2 Kb5 57. Be1 Kc6 58. f6 Kd7 59. f7 Ke7 60. Kh1 Kxf7 61. Kg1 Kg6 62. Kh1 g2+ 63. Kg1 Bd4+ 64. Kh2 g1Q+ 65. Kxh3 Qxe1 66. Kg4 Qe4+ 67. Kg3 Kg5 68. Kh3 Qg4+ 69. Kh2 Bg1+ 70. Kh1 Bf2 71. Kh2 Qg3+ 72. Kh1 Qg1# 0-1

[Event "Swiss Queens Wed #30"]
[Site "FIDE Online Arena INT"]
[Date "2024.08.21"]
[Round "9"]
[White "Shanmathi Sree, S."]
[Black "Narva, Regina R"]
[Result "1-0"]
[WhiteElo "1750"]
[BlackElo "1965"]
[PlyCount "115"]
[EventDate "2024.08.21"]
[EventType "swiss (blitz)"]
[EventRounds "11"]
[EventCountry "NET"]
[SourceTitle "CBM 221 Extra"]
[Source "ChessBase"]
[SourceDate "2024.09.30"]
[SourceVersion "1"]
[SourceVersionDate "2024.09.30"]
[SourceQuality "1"]

1. e4 d5 2. exd5 Qxd5 3. Nc3 Qa5 4. d4 Nf6 5. Bd3 Nc6 6. Nf3 Bg4 7. Be3 0-0-0 8. 0-0 Qh5 9. Be2 e5 10. h3 Bxh3 11. Nxe5 Qf5 12. Bd3 Qe6 13. gxh3 Nxe5 14. dxe5 Qxe5 15. Qf3 Bd6 16. Qf5+ Kb8 17. Qxe5 Bxe5 18. f4 Bd6 19. Nb5 Bb4 20. Bxa7+ Kc8 21. Bf2 Nd5 22. c4 Nxf4 23. Bf5+ Ne6 24. a3 Bd2 25. Rad1 c6 26. Nd4 Bg5 27. Bxe6+ fxe6 28. Nxe6 Rxd1 29. Rxd1 Bf6 30. Kg2 Bxb2 31. a4 Re8 32. Nc5 Re2 33. Kf3 Re7 34. Bd4 Rf7+ 35. Kg4 Ba3 36. Ne6 g6 37. Ng5 Rd7 38. Kf4 Bc5 39. Ke4 Be7 40. Nf3 c5 41. Ne5 Rxd4+ 42. Rxd4 cxd4 43. Nf7 Bf6 44. Nh6 Kd7 45. Ng4 Bg7 46. Nf2 Kc6 47. Nd3 Kb6 48. Kd5 Ka5 49. Kc5 Kxa4 50. Kb6 Kb3 51. c5 Kc3 52. Nf4 d3 53. Kxb7 d2 54. c6 Be5 55. Ne2+ Kc2 56. Nd4+ Kd3 57. Nf3 d1Q 58. Nxe5+ 1-0